[Event "SCO National Online"]
[Site "Chess.com INT"]
[Date "2022.11.19"]
[Round "8"]
[White "Jaiswal, Rupesh"]
[Black "Karthikeyan, Murali"]
[Result "0-1"]
[WhiteElo "2108"]
[BlackElo "2623"]
[PlyCount "70"]
[EventDate "2022.11.19"]
[EventType "team-swiss (rapid)"]
[EventRounds "9"]
[EventCountry "USA"]
[SourceTitle "CBM 211 Extra"]
[Source "ChessBase"]
[SourceDate "2023.01.31"]
[SourceVersion "1"]
[SourceVersionDate "2023.01.31"]
[SourceQuality "1"]
[WhiteTeam "Nepal"]
[BlackTeam "India"]
[WhiteTeamCountry "NEP"]
[BlackTeamCountry "IND"]

1. e4 c5 2. Nf3 Nc6 3. g3 Nf6 4. Qe2 d6 5. Bg2 g6 6. 0-0 Bg7 7. c3 0-0 8. d4 cxd4 9. cxd4 Bg4 10. Rd1 Qb6 11. Qe3 Nd7 12. d5 Nd4 13. Rxd4 Bxf3 14. Rd3 Bxg2 15. Kxg2 Qxe3 16. Rxe3 Rfc8 17. Na3 Rab8 18. Rb1 b5 19. b3 a6 20. Bb2 Ne5 21. h3 Rb7 22. f4 Nd7 23. Bxg7 Kxg7 24. Re2 Rbc7 25. Rbb2 Rc1 26. Rbc2 R8xc2 27. Nxc2 Nc5 28. Nd4 h5 29. h4 Kf8 30. Nc6 Rc3 31. Kf2 f5 32. exf5 gxf5 33. Rxe7 Ne4+ 34. Ke1 Re3+ 35. Kf1 Nd2+ 0-1

[Event "SCO National Online"]
[Site "Chess.com INT"]
[Date "2022.11.19"]
[Round "2"]
[White "Wei, Yi"]
[Black "Jaiswal, Rupesh"]
[Result "1-0"]
[WhiteElo "2722"]
[BlackElo "2108"]
[PlyCount "51"]
[EventDate "2022.11.19"]
[EventType "team-swiss (rapid)"]
[EventRounds "9"]
[EventCountry "USA"]
[SourceTitle "CBM 211 Extra"]
[Source "ChessBase"]
[SourceDate "2023.01.31"]
[SourceVersion "1"]
[SourceVersionDate "2023.01.31"]
[SourceQuality "1"]
[WhiteTeam "China"]
[BlackTeam "Nepal"]
[WhiteTeamCountry "CHN"]
[BlackTeamCountry "NEP"]

1. e4 c5 2. Nf3 d6 3. d4 cxd4 4. Nxd4 Nf6 5. Nc3 a6 6. Be3 e5 7. Nb3 Be7 8. Nd2 b5 9. a4 b4 10. Nd5 Nxd5 11. exd5 0-0 12. a5 Bb7 13. Nc4 Nd7 14. Ra4 f5 15. Rxb4 f4 16. Bb6 Nxb6 17. Nxb6 Ra7 18. Bd3 Bc8 19. Qe2 Qc7 20. Rc4 Qb8 21. Qh5 h6 22. Qg6 Rc7 23. Qh7+ Kf7 24. Nxc8 Rfxc8 25. Bg6+ Kf6 26. Bh5 1-0

[Event "Asian Continental Blitz op 19th"]
[Site "Delhi"]
[Date "2022.11.03"]
[Round "6"]
[White "Doshi, Moksh Amitbhai"]
[Black "Jaiswal, Rupesh"]
[Result "0-1"]
[WhiteElo "2420"]
[BlackElo "2108"]
[PlyCount "74"]
[EventDate "2022.11.03"]
[EventType "swiss (blitz)"]
[EventRounds "9"]
[EventCountry "IND"]
[SourceTitle "EXT 2024"]
[Source "ChessBase"]
[SourceDate "2023.10.10"]
[SourceVersion "1"]
[SourceVersionDate "2023.10.10"]
[SourceQuality "1"]

1. e4 c5 2. Nf3 d6 3. Bb5+ Nd7 4. a4 a6 5. Bc4 Ngf6 6. Nc3 Qa5 7. 0-0 b5 8. Ba2 b4 9. Nd5 Bb7 10. Nxf6+ gxf6 11. d4 Bxe4 12. Re1 Bb7 13. dxc5 Qxc5 14. Bf4 Ne5 15. Nxe5 fxe5 16. Qh5 Bd5 17. Bxe5 Bxa2 18. Rxa2 Bg7 19. Qf3 0-0 20. Bxg7 Kxg7 21. Rxe7 Rae8 22. Rxe8 Rxe8 23. Ra1 Qxc2 24. b3 Qc3 25. Qg3+ Kh8 26. Rf1 Re6 27. h4 a5 28. Kh2 Qd4 29. Rc1 Rg6 30. Qh3 Qf4+ 31. Kh1 Qxc1+ 32. Kh2 Qf4+ 33. Kh1 Qxf2 34. h5 Qf1+ 35. Kh2 Qf4+ 36. Kh1 Re6 37. Qd3 Re1+ 0-1

[Event "Asian Continental Blitz op 19th"]
[Site "Delhi"]
[Date "2022.11.03"]
[Round "8"]
[White "Pranav, Anand"]
[Black "Jaiswal, Rupesh"]
[Result "0-1"]
[WhiteElo "2502"]
[BlackElo "2108"]
[PlyCount "132"]
[EventDate "2022.11.03"]
[EventType "swiss (blitz)"]
[EventRounds "9"]
[EventCountry "IND"]
[SourceTitle "EXT 2024"]
[Source "ChessBase"]
[SourceDate "2023.10.10"]
[SourceVersion "1"]
[SourceVersionDate "2023.10.10"]
[SourceQuality "1"]

1. e4 c5 2. Nf3 d6 3. d4 cxd4 4. Nxd4 Nf6 5. Nc3 a6 6. Rg1 h5 7. Bg5 e5 8. Nb3 Be6 9. Qd2 Be7 10. 0-0-0 Nbd7 11. Kb1 b5 12. a3 Rc8 13. Bd3 Qc7 14. Rge1 Nb6 15. Na5 Nc4 16. Nxc4 bxc4 17. Bf1 Rb8 18. Ka1 Rb6 19. f4 exf4 20. Qxf4 Nd7 21. Bxe7 Kxe7 22. Qg5+ Kf8 23. Be2 h4 24. Bg4 Bxg4 25. Qxg4 Ne5 26. Qf4 Qb8 27. Qc1 Rh6 28. Nd5 Rb7 29. Rf1 Kg8 30. Ne3 c3 31. b3 Qc7 32. Nf5 Rf6 33. Nxh4 Rxf1 34. Rxf1 Qa5 35. Nf5 Nd3 36. Ne7+ Kh8 37. Nc6 Qc5 38. cxd3 Qxc6 39. Ka2 Qb5 40. Qxc3 Kh7 41. Rf5 Qd7 42. Rf2 Rc7 43. Qd4 Qe6 44. Kb2 Qh6 45. Rc2 Re7 46. h3 Re6 47. Qc4 Qf6+ 48. Ka2 a5 49. Qd5 Re5 50. Qd4 Qe6 51. Qc4 Qf6 52. a4 Rc5 53. Qxc5 dxc5 54. Rd2 Qc3 55. Rb2 Qxd3 56. e5 Qe3 57. Rc2 Qxe5 58. g4 Qd4 59. Rc4 Qe3 60. Kb2 Kg6 61. Rc3 Qd4 62. Kc2 Kf6 63. Rd3 Qf2+ 64. Kc3 Ke5 65. Kc4 Qc2+ 66. Rc3 Qe4+ 0-1

[Event "Asian Continental op 19th"]
[Site "Delhi"]
[Date "2022.10.31"]
[Round "6"]
[White "Nurmamedov, Azat"]
[Black "Jaiswal, Rupesh"]
[Result "1-0"]
[WhiteElo "2382"]
[BlackElo "2135"]
[PlyCount "93"]
[EventDate "2022.10.26"]
[EventType "swiss"]
[EventRounds "9"]
[EventCountry "IND"]
[SourceTitle "EXT 2024"]
[Source "ChessBase"]
[SourceDate "2023.10.10"]
[SourceVersion "1"]
[SourceVersionDate "2023.10.10"]
[SourceQuality "1"]

1. e4 c5 2. Nf3 d6 3. d4 cxd4 4. Nxd4 Nf6 5. Nc3 a6 6. Be3 e5 7. Nb3 Be7 8. f3 Be6 9. Qd2 h5 10. 0-0-0 Nbd7 11. Kb1 Rc8 12. Nd5 Nxd5 13. exd5 Bf5 14. Bd3 Bxd3 15. Qxd3 Bg5 16. Bf2 Qc7 17. h4 Bh6 18. Rhe1 0-0 19. g4 hxg4 20. fxg4 Bf4 21. c3 Qc4 22. Qf3 b5 23. Na5 Qc7 24. Nc6 Nb8 25. Nb4 a5 26. Nd3 b4 27. Nxf4 bxc3 28. Qxc3 Qxc3 29. bxc3 exf4 30. Kc2 Rfe8 31. Rd4 Rxe1 32. Bxe1 Nd7 33. Rxf4 Nb6 34. Rd4 Kf8 35. Kd3 Ke7 36. Re4+ Kd7 37. c4 Na4 38. Rf4 Nc5+ 39. Kd4 Ke7 40. Bxa5 Nd7 41. Bb4 f6 42. Kc3 Rb8 43. h5 Rc8 44. a4 Nb6 45. Re4+ Kd7 46. Kb3 Ra8 47. Re6 1-0

[Event "Asian Continental op 19th"]
[Site "Delhi"]
[Date "2022.10.29"]
[Round "4"]
[White "Jaiswal, Rupesh"]
[Black "Tologontegin, Semetey"]
[Result "1/2-1/2"]
[WhiteElo "2135"]
[BlackElo "2382"]
[PlyCount "140"]
[EventDate "2022.10.26"]
[EventType "swiss"]
[EventRounds "9"]
[EventCountry "IND"]
[SourceTitle "EXT 2024"]
[Source "ChessBase"]
[SourceDate "2023.10.10"]
[SourceVersion "1"]
[SourceVersionDate "2023.10.10"]
[SourceQuality "1"]

1. e4 e5 2. Nf3 Nc6 3. d4 exd4 4. Nxd4 Qf6 5. c3 Bc5 6. Be3 Nge7 7. Qf3 Nxd4 8. Qxf6 Nc2+ 9. Kd2 gxf6 10. Kxc2 Bxe3 11. fxe3 f5 12. exf5 Nxf5 13. e4 Ne3+ 14. Kd2 Ng4 15. Bd3 Rg8 16. Ke2 Ne5 17. Rg1 d5 18. Nd2 Bg4+ 19. Nf3 0-0-0 20. h3 Bh5 21. exd5 Nxd3 22. Kxd3 Rxd5+ 23. Ke4 Rb5 24. b3 Ra5 25. g4 f5+ 26. gxf5 Re8+ 27. Kf4 Bxf3 28. Kxf3 Rxf5+ 29. Kg4 Rf2 30. Rg3 b5 31. a4 Rg8+ 32. Kh4 Rxg3 33. Kxg3 Rc2 34. axb5 Rxc3+ 35. Kg4 Kb7 36. Ra3 Rc5 37. Ra5 Rd5 38. h4 Rd3 39. Ra3 Rd4+ 40. Kg5 Rb4 41. Ra5 Kb6 42. Ra6+ Kb7 43. Ra5 Rxb3 44. Kh6 Kb6 45. Ra6+ Kb7 46. Ra5 Rh3 47. h5 Rh4 48. Ra1 Kb6 49. Ra6+ Kxb5 50. Rxa7 Kb6 51. Ra8 c5 52. Rb8+ Kc6 53. Rc8+ Kd6 54. Rd8+ Ke6 55. Rh8 c4 56. Rxh7 c3 57. Rc7 Rh3 58. Kg6 Rg3+ 59. Kh7 Rf3 60. Rc6+ Kd5 61. Rc8 Rg3 62. h6 Ke6 63. Kh8 Kf7 64. h7 Re3 65. Rc7+ Kf6 66. Rc6+ Kf7 67. Rc7+ Kf6 68. Rc6+ Re6 69. Rxe6+ Kxe6 70. Kg7 Ke5 1/2-1/2

[Event "Asian Continental op 19th"]
[Site "Delhi"]
[Date "2022.10.28"]
[Round "3"]
[White "Doshi, Moksh Amitbhai"]
[Black "Jaiswal, Rupesh"]
[Result "1/2-1/2"]
[WhiteElo "2430"]
[BlackElo "2135"]
[PlyCount "132"]
[EventDate "2022.10.26"]
[EventType "swiss"]
[EventRounds "9"]
[EventCountry "IND"]
[SourceTitle "EXT 2024"]
[Source "ChessBase"]
[SourceDate "2023.10.10"]
[SourceVersion "1"]
[SourceVersionDate "2023.10.10"]
[SourceQuality "1"]

1. d4 Nf6 2. c4 g6 3. Nc3 Bg7 4. e4 d6 5. h3 Nbd7 6. Be3 0-0 7. Nf3 e5 8. d5 Nc5 9. Nd2 a5 10. g4 Bd7 11. Be2 c6 12. f3 Rb8 13. h4 cxd5 14. exd5 e4 15. fxe4 Nfxe4 16. Ndxe4 Nxe4 17. Nxe4 Qe7 18. Qc2 Rbe8 19. Bd3 f5 20. 0-0-0 fxe4 21. Be2 a4 22. a3 Rc8 23. Bb6 Qe5 24. Kb1 Rce8 25. h5 Qg5 26. hxg6 hxg6 27. Rdf1 Qe5 28. Ba5 Rxf1+ 29. Rxf1 Rf8 30. Rxf8+ Kxf8 31. Bc7 Ke7 32. Qc1 Qh2 33. Qe3 Qe5 34. Qb6 e3 35. Ka1 Qg3 36. Ka2 Be5 37. Bd8+ Kf8 38. Bg5 Bxg4 39. Qd8+ Kg7 40. Qc7+ Kg8 41. Qb8+ Kg7 42. Qxb7+ Kg8 43. Qb8+ Kg7 44. Qa7+ Kg8 45. Qb8+ Kg7 46. Qc7+ Kg8 47. Qd8+ Kg7 48. Qe7+ Kg8 49. Bd3 Bf5 50. Qd8+ Kg7 51. Qc7+ Kg8 52. Qb8+ Kg7 53. Qa7+ Kf8 54. Bh6+ Kg8 55. Bxf5 gxf5 56. Qxe3 Kf7 57. Kb1 Kg6 58. Qxg3+ Bxg3 59. Be3 f4 60. Bd4 f3 61. c5 dxc5 62. Bxc5 f2 63. Bxf2 Bxf2 64. b3 axb3 65. Kb2 Kf5 66. Kxb3 Ke5 1/2-1/2